| 000 | 00399nam a2200097Ia 4500 | ||
|---|---|---|---|
| 008 | 180130s9999 xx 000 0 und d | ||
| 245 |
_cLuecke, Kenn R. _aSoftware development for parallel and multi-core processing |
||
| 260 | _c2015 | ||
| 300 | _aBook title: Embedded systems : high performance systems, applied principles and practice--Acession number C20720; pages 19-42 | ||
| 650 | _aEMBEDDED SYSTEMS | ||
| 999 |
_c353982 _d353982 |
||